000 01428nam0a22003371 4500
001 RU\NLR\INFOCOMM_161\5000077940
005 20250613095926.0
035 _a(NLR Aleph) 009319619
090 _a9387563
_c9387563
100 _a20100825d1990 |||y0rusy50 ca
101 0 _aeng
_drus
102 _aRU
105 _aa ||||000|y
200 1 _aˆThe ‰relation between the proton quark spin and the η¹ - meson coupling
_fA. E. Dorokhov, N. I. Kochelev
210 _aДубна
_cОбъед. ин-т ядер. исслед.
_d1990
215 _a6 с.
_cил.
_d21 см
225 1 _aСообщения Объединенного института ядерных исследований, Дубна
_vЕ-2-90-559
300 _aНа 3-й с. обл.: Соотношение между спином кварков в протоне η¹ - связью / Дорохов А. Е., Кочелев Н. И.
300 _aРез. на рус. яз.
320 _aБиблиогр.: с. 6
606 _aКварки (физ.) в протонах
_2nlr_sh1
686 _aВ382.145
_2rubbk
700 1 _9z10790
_aDorochov
_bA. E.
_gAleksandr Evgen'evič
_4070
701 1 _9z11790
_aKočelev
_bN. I.
_gNikolaj Innokent'evič
_4070
790 1 _9z10700
_aDorokhov
_bA. E.
_4070
790 1 _9z11701
_aKochelev
_bN. I.
_4070
801 1 _aRU
_bNLR
_c20100825
801 0 _aRU
_bNLR
_gPSBO
852 _aNLR
_jФз01 Д-4/6225
942 _cBOOK
980 _aNB